Statistics for Countries of the World In Polish

Click here to take the quiz!

General Stats

  • This quiz has been taken 249 times
  • The average score is 85 of 196

Answers on the Map

Answers color-coded by a green-red scale on the quiz's map according to % correct below.
 

Answer Stats

Kraj% Correct
Polska
91%
Kanada
88%
Ukraina
84%
Rosja
83%
Niemcy
82%
Australia
81%
Francja
81%
Chiny
80%
Hiszpania
80%
Włochy
80%
Czechy
79%
Białoruś
78%
Irlandia
78%
Litwa
78%
Norwegia
78%
Stany Zjednoczone
78%
Finlandia
77%
Meksyk
77%
Szwecja
77%
Wielka Brytania
77%
Estonia
76%
Japonia
76%
Łotwa
76%
Portugalia
76%
Brazylia
75%
Słowacja
75%
Belgia
73%
Dania
73%
Turcja
73%
Austria
72%
Islandia
72%
Rumunia
72%
Argentyna
71%
Egipt
71%
Grecja
71%
Węgry
71%
Słowenia
70%
Chorwacja
69%
Indie
69%
Korea Północna
69%
Mongolia
69%
Holandia
68%
Korea Południowa
68%
Serbia
68%
Albania
67%
Irak
67%
Iran
67%
Chile
66%
Kazachstan
66%
Niger
65%
Szwajcaria
65%
Madagaskar
64%
Arabia Saudyjska
63%
Bułgaria
63%
Mołdawia
60%
Peru
60%
Kuba
59%
Nigeria
59%
Bośnia i Hercegowina
58%
Luksemburg
57%
Cypr
56%
Kosowo
56%
Pakistan
56%
Czarnogóra
55%
Izrael
54%
Maroko
54%
Wietnam
54%
Watykan
53%
Malta
52%
Nowa Zelandia
52%
Gruzja
50%
Kolumbia
50%
Nepal
50%
Tajlandia
50%
Afganistan
49%
Etiopia
49%
Indonezja
49%
Libia
49%
Oman
49%
Boliwia
48%
Urugwaj
48%
Filipiny
47%
Macedonia Północna
47%
Tunezja
46%
Wenezuela
46%
Armenia
45%
Czad
45%
Dominika
45%
Jemen
45%
Kongo
45%
Sudan
45%
Andora
44%
Liechtenstein
43%
Panama
43%
San Marino
43%
Somalia
43%
Syria
43%
Kenia
42%
Monako
42%
Uzbekistan
42%
Algieria
41%
Haiti
41%
Katar
41%
Laos
41%
Azerbejdżan
39%
Ekwador
39%
Liban
39%
Republika
Południowej Afryki
39%
Tajwan
39%
Turkmenistan
39%
Bangladesz
38%
Malezja
38%
Paragwaj
38%
Zjednoczone Emiraty
Arabskie
38%
Kambodża
37%
Bhutan
36%
Dominikana
35%
Jamajka
35%
Angola
33%
Ghana
33%
Jordania
33%
Mali
33%
Papua-Nowa Gwinea
33%
Tanzania
33%
Sri Lanka
32%
Kostaryka
31%
Sudan Południowy
31%
Demokratyczna
Republika Konga
30%
Gwinea
30%
Tadżykistan
30%
Kirgistan
29%
Kuwejt
29%
Zambia
29%
Gujana
28%
Liberia
28%
Zimbabwe
28%
Belize
27%
Botswana
27%
Senegal
27%
Honduras
26%
Malediwy
26%
Namibia
26%
Singapur
26%
Bahamy
25%
Benin
24%
Wybrzeże Kości
Słoniowej
24%
Erytrea
23%
Nikaragua
23%
Uganda
23%
Gambia
22%
Mjanma
22%
Surinam
22%
Kamerun
21%
Lesotho
21%
Togo
21%
Gwatemala
20%
Mauretania
20%
Mozambik
20%
Dżibuti
19%
Bahrajn
18%
Burkina Faso
18%
Gabon
18%
Gwinea Równikowa
18%
Komory
18%
Salwador
18%
Gwinea Bissau
17%
Mikronezja
17%
Seszele
17%
Timor Wschodni
17%
Fidżi
16%
Republika
Środkowoafrykańska
16%
Rwanda
16%
Sierra Leone
16%
Brunei
15%
Burundi
15%
Mauritius
15%
Wyspy Marshalla
15%
Malawi
14%
Barbados
13%
Eswatini
13%
Kiribati
13%
Palau
13%
Saint Lucia
13%
Nauru
11%
Republika Zielonego
Przylądka
11%
Samoa
11%
Wyspy Salomona
11%
Antigua i Barbuda
9%
Tonga
9%
Wyspy Świętego
Tomasza i Książeca
9%
Tuvalu
8%
Vanuatu
8%
Grenada
6%
Trynidad i Tobago
6%
Saint Vincent i
Grenadyny
4%
Saint Kitts i Nevis
3%

Score Distribution

Percentile by Number Answered

Percent of People with Each Score

Your Score History

You have not taken this quiz